[Event "Grand Slam Final 7th"]
[Site "Bilbao"]
[Date "2014.09.20"]
[Round "6"]
[White "Aronian, Levon"]
[Black "Anand, Viswanathan"]
[Result "1-0"]
[WhiteElo "2804"]
[BlackElo "2785"]
[Annotator "Roiz,M"]
[PlyCount "91"]
[EventDate "2014.09.14"]
[EventType "tourn"]
[EventRounds "6"]
[EventCountry "ESP"]
[EventCategory "21"]
[SourceTitle "CBM 163"]
[Source "ChessBase"]
[SourceDate "2014.11.11"]
[SourceVersion "1"]
[SourceVersionDate "2014.11.11"]
[SourceQuality "1"]

{This game was played in the last round, when Vishy had already secured the
1st place.} 1. d4 Nf6 2. c4 e6 3. Nf3 d5 4. Nc3 Bb4 5. Bg5 h6 6. Bxf6 Qxf6 7.
e3 (7. Qa4+ Nc6 8. e3 O-O 9. Be2 {is another fashionable line nowadays.}) 7...
O-O 8. Rc1 dxc4 9. Bxc4 c5 10. O-O cxd4 11. Ne4 (11. Nxd4 Bd7 12. Qb3 Nc6 {
is a well-known theoretical line, which is quite safe for Black.}) (11. exd4
Nc6 12. Ne4 Qe7 {leads to a position, which may arise also after the text move.
}) 11... Qe7 ({After} 11... Qf5 12. Ng3 Qa5 13. exd4 {the current World
Champion was unable to solve all the problems:} Nc6 14. Qe2 Bd7 15. a3 Bd6 (
15... Be7 $5) 16. Ne4 Bf4 17. Rc3 Rad8 18. Rd1 b5 19. Bd3 b4 20. Rc5 Qb6 21. g3
$14 {1/2-1/2 Aronian,L (2815)-Carlsen,M (2881)/Dubai UAE 2014 (56)}) (11... Qg6
$6 {looks too risky:} 12. Bd3 f5 13. Ng3 dxe3 14. Qb3 $36) 12. Nxd4 {Levon
Aronian deviates from having an isolated pawn.} ({After} 12. exd4 {Black
should be able to equalise by means of delivering the bishop to b6 at some
point:} Nc6 (12... Rd8 $5 13. Qe2 Ba5 14. Rfd1 Bb6 15. Bb5 Bd7 16. Nc3 Bxb5 17.
Qxb5 Na6 18. d5 Nc7 19. Qe2 Rd6 $11 {1/2-1/2 Erdos,V (2658)-Vallejo Pons,F 
(2705)/Warsaw POL 2013 (24)}) 13. Qe2 Ba5 (13... Bd7 14. a3 Bd6 15. Rfd1 Rad8
16. Qe3 Rfe8 17. b4 $14 {1-0 Gelfand,B (2764)-Rahman,Z (2470)/Tromso NOR 2013 
(63)}) 14. Bb5 Bd7 15. Nc5 Be8 16. Qe4 Bb6 $11 {1/2-1/2 Benjamin,J (2591)
-Serper,G (2587)/Connecticut 2000/EXT 2001 (42)}) 12... Bd7 13. Qh5 {Not only
connecting the rooks, but also keeping an eye on the a5-spot.} ({White can
also fight for a small advantage by means of} 13. Bd3 $5 Nc6 14. Nb3 Rfd8 (
14... Na5 15. Rc7 Nxb3 16. Rxb7 Rab8 17. Rxb8 Rxb8 18. Qxb3 $14) 15. a3 Ba5 16.
Nd6 Be8 17. Nxe8 Qxe8 18. Nxa5 Nxa5 19. Qe2 $14 {1/2-1/2 Gupta,A (2638)
-Parligras,M (2574)/Abu Dhabi UAE 2014 (86)}) 13... Nc6 14. Nb3 {Exchanging
the knights would allow Black to put the light-squared bishop on c6, so White
avoids that.} f5 {This move is somewhat loosening, but Black is trying to
force some simplifications.} (14... Rfd8 $5 {deserves serious attention:} 15.
a3 Bd6 16. Nxd6 Qxd6 17. Rfd1 Qe5 18. Qe2 Ne7 {and Black is close to equality.}
) 15. a3 {The most principled response.} ({After} 15. Nec5 Be8 16. Qf3 Bxc5 17.
Nxc5 Bf7 18. Bb5 Rac8 19. Nd3 Rfd8 20. Rfd1 Be8 {White can hardly achieve
anything special.}) 15... fxe4 $146 {A natural novelty, which doesn't really
change the evaluation of this line. Black still needs some accuracy, but the
position is about equal.} ({In the preceding game Black wasn't experiencing
problems:} 15... Ne5 16. Be2 (16. axb4 Nxc4 17. Rxc4 Bb5 18. Ned2 Bxc4 19. Nxc4
Qxb4 20. Ncd2 a5 $15) 16... Be8 17. Qh3 Bc6 (17... fxe4 18. axb4 Bc6 19. Nd4
Bd5 20. Qg3 Qf6 $11) 18. axb4 Bxe4 $11 {1/2-1/2 Ramirez,A (2591)-Cornette,M 
(2545)/Cappelle la Grande 2012/CBM 147 Extra (42)}) 16. axb4 Nxb4 17. Nc5 {
Levon goes for the most aggressive option. Black has several weaknesses, so
there is no way to keep an extra pawn.} ({After} 17. Qc5 Rfe8 18. Qxe7 Rxe7 19.
Nc5 Bc6 20. Nxe6 Kh7 21. Rfd1 Rc8 {Black should be able to equalise in this
endgame.}) ({The same after} 17. Qg6 Nd3 18. Bxd3 exd3 19. Qxd3 Rac8 20. Rxc8
Rxc8 $11) 17... Nd3 {Vishy doesn't mind exchanging the knights.} 18. Nxd3 ({
In case of} 18. Nxd7 Qxd7 19. Qg4 Rae8 20. Rc2 Nb4 21. Rd1 Qf7 22. Rcd2 Qf5 23.
Qxf5 Rxf5 24. Rd4 b5 25. Be2 Nd3 {Black gives the pawn back in order to
liquidate into a drawish rook endgame.}) 18... exd3 19. Bxd3 (19. Rcd1 Bc6 20.
Rxd3 Rad8 21. Qg6 Rxd3 22. Bxd3 Rd8 23. Qh7+ Kf8 $11) 19... Bc6 {Black has a
weak Pe6, while the king may be attacked too. Still, White's advantage is not
too big at the moment.} 20. Rc4 (20. Qg6 Qf6 21. Qh7+ Kf7 {leads nowhere.})
20... Rf6 (20... Qf6 $5 {seems a bit safer. For instance,} 21. Rf4 Qxb2 22. Rd4
(22. Rg4 Rad8 23. Qxh6 Rxd3 24. Qxe6+ Rf7 25. Qc8+ Rf8 $11) 22... Rad8 23. Qg6
Rxd4 24. Qxe6+ Kh8 25. exd4 Qxd4 26. Qg6 Kg8 $11) 21. Be4 {The exchange of the
bishops makes Anand's task easier.} ({I would prefer} 21. Rd1 $5 Rd8 22. Bc2
Rxd1+ 23. Qxd1 {with some attacking prospects.}) 21... Bxe4 22. Rxe4 Rd8 {
Now, when all Black's forces are mobilised, the position is almost equal.} 23.
Qe2 Rf5 24. h3 Rfd5 (24... Qf7 $5 25. Rc1 Rfd5 26. Qg4 {could transpose to the
text.}) 25. Qg4 R8d6 26. Rc1 Kh7 $6 {This inaccurate move allows White to
regroup the pieces and extend the initiative.} ({It makes sense to restrict
the activity of Rc1 along the open file:} 26... Qd7 $5 27. Kh2 Rg5 28. Qf3 Rc6
$11) 27. Ra4 $1 {The main idea of that move is freeing the central square for
the queen.} a6 (27... b5 28. Qe4+ g6 29. Raa1 $14) 28. Qe4+ Kg8 (28... g6 {
looks quite risky:} 29. Rac4 Rd7 (29... Rd1+ 30. Rxd1 Rxd1+ 31. Kh2 Rd2 32. f4
Rxb2 33. Qd4 Rb5 34. e4 $16 {[%csl Rh7][%cal Gc4c8]}) 30. Rc8 $14) 29. Rc8+ Rd8
30. Rac4 $14 {As a result of Black's inaccuracy, White's advantage becomes
significant.} R5d7 31. g3 {Levon is not in a rush, since Black can only sit
and wait.} (31. b4 $5 {could be another way to improve the position.}) 31...
Kf7 $6 {After this passive move Black's position is becoming very dangerous.} (
{Active defence was called for:} 31... Rd1+ 32. Kg2 R1d2 33. g4 (33. b4 $6 Qf8
$1 34. Qxe6+ Kh8 35. Rxd8 Rxf2+ 36. Kg1 Rf1+ $11) 33... Qf7 34. Rxd8+ Rxd8 $14)
32. Qf3+ $6 {A pointless check,since there is hardly a better square for the
queen.} ({Much stronger was} 32. h4 Rxc8 33. Rxc8 Qf6 34. h5 Qf5 35. Qb4 Re7
36. g4 Qf3 37. Qd4 $16) 32... Kg8 33. Qe4 Kf7 $6 {Once again, missing the
aforementioned improvement.} 34. Qg4 {A serious loss of time, which allows
Vishy to activate his queen.} (34. h4 $1) 34... Rxc8 35. Rxc8 Qg5 $1 36. Qb4 {
The only way to keep the queens on the board and fight for a full point.} (36.
Qe2 {would allow Black to get sufficient counterplay:} Qd5 37. Kh2 Qb5 $1 38.
Qc2 Qf1 $11) 36... Kg6 37. h4 $6 {This mistake could have been quite painful
for Levon, but good fortune was on his side!} (37. Rf8 Qd5 38. Qf4 $14) 37...
Qf5 $2 ({Vishy has missed a golden opportunity to solve all his problems:} 
37... Rd1+ 38. Kh2 Qd5 39. e4 Qd4 40. Qf8 Qxe4 41. Qe8+ Kh7 42. Qg8+ Kg6 $11)
38. Rf8 $1 Qd5 (38... Rf7 39. Rxf7 Qxf7 40. Qe4+ Qf5 41. Qxb7 a5 $16) 39. Qg4+
Kh7 40. Kh2 h5 ({Avoiding the hopeless rook ending:} 40... b5 41. h5 g5 42.
hxg6+ Kg7 43. Qf4 Qh5+ 44. Kg2 Qxg6 45. Ra8 Qf5 46. Rxa6 Rd2 47. b3 Qxf4 48.
gxf4 $18) 41. Qf4 Qc6 $2 {Finally, Black commits the decisive mistake.} ({After
} 41... Qd3 42. Qb8 Re7 43. Qc8 Qd5 $16 {Black's position is still difficult,
but there is no forced win for White.}) 42. Qb8 $1 $18 {A decisive penetration
of White's queen. Now the king is hopeless.} Rd1 43. e4 Rc1 ({Or} 43... Qxe4
44. Rh8+ Kg6 45. Qe8+ Kf6 46. Rf8+ Ke5 47. Qxh5+ $18) 44. Rh8+ Kg6 45. Qf4 Rc5
46. e5 ({Black resigns in view of} 46. e5 Rc4 47. Qg5+ Kf7 48. Rh7 $18 {
with a mate in a few moves.}) 1-0

[Event "Corsica Masters KO 18th"]
[Site "Bastia"]
[Date "2014.10.20"]
[Round "3.1"]
[White "Anand, Viswanathan"]
[Black "Fedorchuk, Sergey A"]
[Result "0-1"]
[WhiteElo "2785"]
[BlackElo "2673"]
[Annotator "Schulz,Andre"]
[PlyCount "98"]
[EventDate "2014.10.19"]
[EventType "k.o. (rapid)"]
[EventRounds "4"]
[EventCountry "FRA"]
[SourceTitle "EXT 2015"]
[Source "ChessBase"]
[SourceDate "2014.11.20"]
[SourceVersion "1"]
[SourceVersionDate "2014.11.20"]
[SourceQuality "1"]

1. c4 e5 2. g3 Nc6 3. Bg2 Bc5 4. e3 d6 5. Ne2 (5. Nc3 Nf6 6. Nge2 O-O 7. O-O a6
8. d4 Ba7 9. b3 Re8 10. Bb2 exd4 11. Nxd4 Nxd4 12. exd4 Rb8 13. a4 Bg4 14. f3
Be6 15. Qd2 c6 16. Kh1 d5 17. cxd5 Nxd5 18. Ne4 Ne7 19. b4 Nf5 20. Nc5 Bd5 21.
Rfe1 Rxe1+ 22. Rxe1 Nd6 23. Qf4 a5 24. Bc3 axb4 25. Bxb4 Ne8 26. Nd3 h6 27. h4
Qf6 28. Bc5 Qxf4 29. Nxf4 Bxc5 30. dxc5 Nf6 31. g4 g5 32. hxg5 hxg5 33. Nd3 Ra8
34. Re5 Nh7 35. f4 Bxg2+ 36. Kxg2 Rxa4 37. Kf3 Ra3 38. Ke2 gxf4 39. Nxf4 Nf6
40. g5 Nd7 41. Re8+ Nf8 42. Rb8 Rc3 43. Nd3 Rb3 44. Ne5 Kg7 45. Re8 Ne6 46. Nd3
Nxg5 47. Ke3 Ne6 48. Ke4 Rb5 49. Ne5 Nxc5+ 50. Kf4 Ne6+ 51. Kf5 Nc5 52. Kf4
Rb4+ 53. Kf5 Ne6 54. Nd7 Rb5+ 55. Ne5 Rb4 56. Nd7 Rd4 57. Re7 b5 58. Ke5 Rd5+
59. Ke4 Rxd7 {0-1 (59) Miezis,N (2548)-Fedorchuk,S (2641) Jurmala 2014}) 5...
a6 6. O-O Ba7 7. b3 h5 {Frech gespielt.} 8. h3 ({Nach} 8. h4 {kann z.B.} Nh6 9.
Bb2 Ng4 {folgen.}) 8... f5 9. d4 h4 10. Bb2 $2 {Gibt die Kontrolle über e3
auf.} (10. Nbc3 $11) 10... hxg3 11. fxg3 Qg5 {Der Aufmarsch der Dame ist
lästig, zudem muss jetzt der Angriff gegen e2 bedient werden.} 12. Nbc3 Nf6 (
12... Qxe3+ $2 13. Kh1 Qg5 14. Nd5 Qd8 15. dxe5 dxe5 16. Qc2 {mit guter
Kompensation.}) 13. Nd5 (13. Bc1) 13... Nxd5 14. cxd5 Qxe3+ 15. Kh2 Nxd4 16.
Bxd4 Bxd4 17. Nxd4 Qxd4 18. Qc2 {Mit zwei Minusbauern such Weiß sein Heil im
Gegenangriff.} (18. Qxd4 exd4 19. Rad1 Bd7 20. Rfe1+ (20. Rxd4 O-O-O $17) 20...
Kd8 21. Rxd4 Re8 $15) 18... Qc5 19. Qd2 O-O 20. Rac1 Qb6 21. Rc4 Bd7 22. Rh4
Rf6 $19 23. g4 Qd4 ({Möglich war} 23... Re8 {Die Idee} 24. Be4 fxe4 25. Rxf6
gxf6 ({scheitert an} 25... e3 $19) 26. Rh8+ Kxh8 27. Qh6+ {mit Dauerschach.})
24. Qxd4 exd4 25. g5 Rg6 26. Rxd4 Rxg5 27. Rc1 {Nach ängstlichem schwarzen
Spiel bekommt Weiß noch Gegenspiel.} Re8 28. Rd2 Bb5 29. Rcc2 (29. Rxc7 $5 {
und} Be2 {mit der Drohung f4-f3} 30. Rd4 Bh5 {wird mit} 31. Bf1 {pariert.})
29... Re3 (29... Re7 $17) 30. a4 ({Die Variante} 30. Rxc7 Be2 31. Rcc2 Bf3 32.
Rc8+ Kf7 33. Bxf3 Rxf3 34. Rc7+ Kf6 35. Rd7 Rh5 36. Rxd6+ Ke7 37. Re6+ Kf7 {
sieht unbequem für Weiß aus, war aber objektiv vielleicht besser.}) 30... Bd3
31. Rc3 Re2 32. Rxe2 Bxe2 33. Rxc7 f4 34. Rc3 Kf7 35. Bf3 Re5 36. Kg2 Bxf3+ 37.
Kxf3 g5 38. Kg4 (38. h4 Kg6 39. hxg5 Kxg5 40. b4 Re3+ 41. Rxe3 fxe3 42. Kxe3
Kf5 43. Kd4 b6 $19) 38... Kf6 39. Rc8 Rxd5 (39... Re3 $19) 40. Rf8+ Ke6 41. h4
gxh4 42. Rxf4 Ke5 (42... h3 43. Kxh3 Rd3+ $19) 43. Rf5+ Kd4 44. Rf7 b5 45. Kxh4
Kc3 46. Rf3+ Kc2 47. axb5 axb5 48. Kg4 Rd3 49. Rf5 b4 0-1

[Event "London Classic rapid op 6th"]
[Site "London"]
[Date "2014.12.06"]
[Round "2"]
[White "Prill, Daniel"]
[Black "Anand, Viswanathan"]
[Result "0-1"]
[WhiteElo "2193"]
[BlackElo "2792"]
[Annotator "Saunders,J"]
[PlyCount "88"]
[EventDate "2014.12.06"]
[EventType "swiss (rapid)"]
[EventRounds "10"]
[EventCountry "ENG"]
[SourceTitle "CBM 163 Extra"]
[Source "ChessBase"]
[SourceDate "2014.12.23"]
[SourceVersion "1"]
[SourceVersionDate "2014.12.23"]
[SourceQuality "1"]
[WhiteClock "0:00:30"]
[BlackClock "0:16:28"]

1. d4 Nf6 2. Nf3 d5 3. e3 c6 4. Bd3 Bg4 5. Nbd2 Nbd7 6. h3 Bh5 7. c3 Qc7 8. e4
dxe4 9. Nxe4 e6 10. O-O Be7 11. Re1 Bg6 12. Neg5 Bxd3 13. Qxd3 h6 14. Ne4 O-O
15. Nxf6+ Bxf6 16. Qe4 Qa5 17. Bf4 Rfe8 18. Re2 Qd5 19. Nd2 Qb5 20. Nf3 a5 21.
Rae1 Qd5 22. Qb1 a4 23. a3 Ra5 24. Be5 Rea8 25. Bc7 Rb5 26. Nd2 Qf5 27. Ne4 Be7
28. Re3 Nf6 29. Nxf6+ Bxf6 30. Qxf5 Rxf5 31. Be5 Bxe5 32. Rxe5 Rxe5 33. Rxe5
Kf8 34. Kf1 Ke7 35. Ke2 f6 36. Re3 Kd6 37. Kd3 Ra5 38. f4 g5 39. Rf3 Ke7 40. c4
c5 41. d5 exd5 42. cxd5 Rb5 {[diag] Equal, says Houdini, but Black has a
little bit of pressure against the pawns on b2 and d5.} 43. Rf2 (43. fxg5 fxg5
44. Rf2 Rb3+ 45. Kc4 {is OK if you are able to calculate that the white king
is safe up the board.}) 43... Rb3+ 44. Kc4 $4 ({Oops. White could still be OK
after} 44. Ke4 {with a bit of care.}) 44... Kd6 {Suddenly the game is over.
White can't prevent 45...b5 mate.} 0-1

[Event "London Classic Pro Biz Cup 6th"]
[Site "London"]
[Date "2014.12.09"]
[Round "1.1"]
[White "Anand, Viswanathan"]
[Black "Adams, Michael"]
[Result "1-0"]
[WhiteElo "2793"]
[BlackElo "2745"]
[PlyCount "157"]
[EventDate "2014.12.09"]
[EventType "k.o. (rapid)"]
[EventRounds "3"]
[EventCountry "ENG"]
[SourceTitle "CBM 163 Extra"]
[Source "ChessBase"]
[SourceDate "2014.12.23"]
[SourceVersion "1"]
[SourceVersionDate "2014.12.23"]
[SourceQuality "1"]

1. e4 e6 2. d4 d5 3. Nc3 Bb4 4. e5 Qd7 5. a3 Bxc3+ 6. bxc3 b6 7. Qg4 Ne7 8.
Qxg7 Rg8 9. Qxh7 Ba6 10. h4 Qc6 11. Bd2 Bxf1 12. Kxf1 Nd7 13. Qd3 O-O-O 14. Bg5
Rde8 15. Nf3 Rh8 16. h5 Ng6 17. g3 Kb7 18. Kg2 Ngf8 19. Rae1 Nh7 20. Bf4 Reg8
21. h6 Qa4 22. Bc1 Ndf8 23. Nh4 Qc6 24. Nf3 a5 25. Bd2 Qa4 26. Bc1 Qc6 27. Rh5
Qa4 28. Reh1 Qc6 29. Ng1 Ng6 30. Ne2 f6 31. exf6 Nxf6 32. h7 Rg7 33. Rg5 Ne4
34. Rxg6 Rxg6 35. f3 Rg7 36. fxe4 dxe4 37. Qe3 Rgxh7 38. Rxh7 Rxh7 39. Nf4 Rf7
40. Kg1 Ka7 41. Ng6 Qb5 42. Nf4 e5 43. dxe5 Qxe5 44. Qd4 Qe8 45. Be3 Rd7 46.
Qc4 Rd1+ 47. Kf2 Kb8 48. Ne6 Qf7+ 49. Bf4 e3+ 50. Ke2 Qh5+ 51. Kxe3 Rd7 52. Qc6
Qd5 53. Bxc7+ Kc8 54. Qxd5 Rxd5 55. Bf4 Rd1 56. Nd4 Kd7 57. Ke4 Ra1 58. Nb5 Kc6
59. c4 Rd1 60. Be3 Rd8 61. g4 Re8+ 62. Kd3 Rg8 63. g5 Re8 64. Nd4+ Kb7 65. Nf5
Re6 66. Bd4 Rg6 67. Bf6 Rg8 68. Ne7 Rd8+ 69. Kc3 Rd6 70. g6 Rxf6 71. g7 Rf3+
72. Kd4 a4 73. g8=Q Rxa3 74. Qd5+ Ka7 75. Qc6 Ra1 76. Qc8 b5 77. cxb5 Kb6 78.
Qc5+ Ka5 79. Nc6# 1-0

[Event "London Classic Pro Biz Cup 6th"]
[Site "London"]
[Date "2014.12.09"]
[Round "2.1"]
[White "Anand, Viswanathan"]
[Black "Giri, Anish"]
[Result "1/2-1/2"]
[WhiteElo "2793"]
[BlackElo "2768"]
[PlyCount "105"]
[EventDate "2014.12.09"]
[EventType "k.o. (rapid)"]
[EventRounds "3"]
[EventCountry "ENG"]
[SourceTitle "CBM 163 Extra"]
[Source "ChessBase"]
[SourceDate "2014.12.23"]
[SourceVersion "1"]
[SourceVersionDate "2014.12.23"]
[SourceQuality "1"]

1. e4 e6 2. d4 d5 3. Nc3 Bb4 4. e5 Ne7 5. Bd2 b6 6. Nce2 Bxd2+ 7. Qxd2 O-O 8.
Nf3 c5 9. c3 Ba6 10. h4 Nbc6 11. a3 Na5 12. Qc2 h6 13. g3 Rc8 14. Nf4 Bxf1 15.
Kxf1 cxd4 16. Nxd4 Nac6 17. Nf3 Ng6 18. Nd3 f6 19. Qe2 fxe5 20. Nfxe5 Ngxe5 21.
Nxe5 d4 22. Ng6 Qd5 23. Kg1 d3 24. Qd2 e5 25. h5 Rf7 26. Rh4 Na5 27. Re1 Nb3
28. Qd1 d2 29. Rxe5 Qf3 30. Re2 Rd8 31. Rhe4 Kh7 32. Ne5 Qxh5 33. Nxf7 Qxf7 34.
Rb4 a5 35. Rxb6 a4 36. Rbe6 Rd5 37. Qc2+ g6 38. Qd1 Rd7 39. R6e4 h5 40. Kg2 Qd5
41. Kh2 Kh6 42. Rxa4 Qb5 43. Rb4 Qg5 44. Rxb3 h4 45. c4 Qh5 46. Rb5 hxg3+ 47.
Kxg3 Rd3+ 48. Kg2 Qg4+ 49. Kf1 Qh3+ 50. Kg1 Qg4+ 51. Kf1 Qh3+ 52. Kg1 Qg4+ 53.
Kf1 1/2-1/2

[Event "London Classic Pro Biz Cup 6th"]
[Site "London"]
[Date "2014.12.09"]
[Round "2.3"]
[White "Giri, Anish"]
[Black "Anand, Viswanathan"]
[Result "1/2-1/2"]
[WhiteElo "2768"]
[BlackElo "2793"]
[PlyCount "109"]
[EventDate "2014.12.09"]
[EventType "k.o. (rapid)"]
[EventRounds "3"]
[EventCountry "ENG"]
[SourceTitle "CBM 163 Extra"]
[Source "ChessBase"]
[SourceDate "2014.12.23"]
[SourceVersion "1"]
[SourceVersionDate "2014.12.23"]
[SourceQuality "1"]

1. e4 e5 2. Nf3 Nc6 3. Bb5 Nf6 4. O-O Nxe4 5. Re1 Nd6 6. Nxe5 Be7 7. Bf1 Nxe5
8. Rxe5 O-O 9. Nc3 Bf6 10. Re1 Re8 11. Nd5 Rxe1 12. Nxf6+ Qxf6 13. Qxe1 b6 14.
d3 Bb7 15. Qb4 Re8 16. Qf4 Qg6 17. Bd2 h6 18. b4 c5 19. bxc5 bxc5 20. Be3 Rc8
21. Rb1 Qe6 22. c4 g5 23. Qg3 Nf5 24. Qg4 Nxe3 25. Qxe6 dxe6 26. Rxb7 Nf5 27.
Rxa7 g4 28. h3 h5 29. hxg4 hxg4 30. Be2 Nh6 31. Ra5 Kg7 32. a4 Kf6 33. Rb5 Ke5
34. a5 Kd4 35. a6 Ra8 36. Ra5 Ra7 37. Kh2 f5 38. Kg3 Nf7 39. f3 gxf3 40. Bxf3
Ne5 41. Be2 Nc6 42. Ra1 Nb4 43. Kf4 Rxa6 44. Rxa6 Nxa6 45. Kg5 Ke5 46. Kg6 Nb4
47. Kf7 f4 48. Bg4 Nxd3 49. Bxe6 Nb2 50. Ke7 Kd4 51. Kf6 Nd3 52. Kf5 Ke3 53.
Bd5 Nb4 54. Bg8 Nd3 55. Bd5 1/2-1/2

[Event "London Classic Pro Biz Cup 6th"]
[Site "London"]
[Date "2014.12.09"]
[Round "2.4"]
[White "Anand, Viswanathan"]
[Black "Giri, Anish"]
[Result "0-1"]
[WhiteElo "2145"]
[BlackElo "2222"]
[PlyCount "56"]
[EventDate "2014.12.09"]
[EventType "k.o. (rapid)"]
[EventRounds "3"]
[EventCountry "ENG"]
[SourceTitle "CBM 163 Extra"]
[Source "ChessBase"]
[SourceDate "2014.12.23"]
[SourceVersion "1"]
[SourceVersionDate "2014.12.23"]
[SourceQuality "1"]

1. e4 e6 2. d4 d5 3. Nc3 Bb4 4. e5 Ne7 5. Bd2 b6 6. a3 Bxc3 7. Bxc3 Ba6 8. Bxa6
Nxa6 9. Qd3 Nb8 10. Qg3 O-O 11. f4 c5 12. Nf3 Nbc6 13. Qf2 Rc8 14. O-O Nf5 15.
Rac1 cxd4 16. Nxd4 Nfxd4 17. Bxd4 Nxd4 18. Qxd4 Rc4 19. Qd3 Qc7 20. c3 d4 21.
Rf3 Rc8 22. Rh3 h6 23. Qg3 Kf8 24. Re1 dxc3 25. bxc3 Rxc3 26. Qh4 Qc5+ 27. Kh1
Rc1 28. Rhe3 Qxe3 0-1